ՀՀ Գիտությունների ազգային ակադեմիայի հիմնարար գիտական գրադարան  =   Fundamental Scientific Library of NAS RA

L'Illustration Exposition de Paris 1937 : (Record no. 358303)

MARC details
000 -LEADER
fixed length control field 00544nam a2200205 a 4500
001 - CONTROL NUMBER
control field 001113022
003 - CONTROL NUMBER IDENTIFIER
control field AM-YeHGA
005 - DATE AND TIME OF LATEST TRANSACTION
control field 20250618074444.0
008 - FIXED-LENGTH DATA ELEMENTS--GENERAL INFORMATION
fixed length control field 151113s1937 fr a r 000 0 fre d
040 ## - CATALOGING SOURCE
Original cataloging agency AM-YeHGA
041 0# - LANGUAGE CODE
Language code of text/sound track or separate title fre
090 ## - LOCALLY ASSIGNED LC-TYPE CALL NUMBER (OCLC); LOCAL CALL NUMBER (RLIN)
-- 360127
245 02 - TITLE STATEMENT
Title L'Illustration Exposition de Paris 1937 :
Remainder of title Arts et techniques.
260 ## - PUBLICATION, DISTRIBUTION, ETC.
Place of publication, distribution, etc. Paris :
Name of publisher, distributor, etc. L'Illustration,
Date of publication, distribution, etc. 1937.
300 ## - PHYSICAL DESCRIPTION
Extent [124] p. :
Other physical details [62] l. ill.
440 #0 - SERIES STATEMENT/ADDED ENTRY--TITLE
Title Album hors série
650 14 - SUBJECT ADDED ENTRY--TOPICAL TERM
Topical term or geographic name entry element Արվեստներ
9 (RLIN) 8485
650 14 - SUBJECT ADDED ENTRY--TOPICAL TERM
Topical term or geographic name entry element Techniques
942 ## - ADDED ENTRY ELEMENTS (KOHA)
Source of classification or shelving scheme Universal Decimal Classification
Koha item type Գրքեր / Books
Holdings
Withdrawn status Lost status Source of classification or shelving scheme Damaged status Not for loan Collection Home library Current library Date acquired Total checkouts Full call number Barcode Date last seen Price effective from Koha item type Public note
    Universal Decimal Classification     Pogharian Individual Collection Fundamental Scientific Library Fundamental Scientific Library 11/01/2017   Bogh/1743 FL0361570 11/01/2017 11/01/2017 Գրքեր / Books ILL Non-Circ.


ՀՀ ԳԱԱ հիմնարար գիտական գրադարան
ՀՀ,Երևան 0019
Մարշալ Բաղրամյան 24/6
հեռախոս:(374-10) 52-47-50
Հետադարձ կապ

All site content, except where otherwise noted, is licensed under a
Creative Commons License